Commonhold special (Record no. 118097)

MARC details
000 -LEADER
fixed length control field 01772cam a2200337 4500
001 - CONTROL NUMBER
control field ABS68254
008 - FIXED-LENGTH DATA ELEMENTS--GENERAL INFORMATION
fixed length control field 041001n2004 000 0 eng u
035 ## - SYSTEM CONTROL NUMBER
System control number (Sirsi) u127590
245 ## - TITLE STATEMENT
Title Commonhold special
260 ## - PUBLICATION, DISTRIBUTION, ETC.
Date of publication, distribution, etc. 2004
490 ## - SERIES STATEMENT
Series statement Estates Gazette
Volume/sequential designation (0439) 25 September 2004, 124-131(8)
520 ## - SUMMARY, ETC.
Summary, etc. A group of six articles on commonhold. "Ownership will never be the same again" considers how commonhold will work in practice, covering the key provisions and guidance. "Sign up for a new tenure" goes through the standard documentation and precise steps for commonhold registration. "Constitution documents: a new drafting challenge" suggests that prescribed documentation will provide some uniformity but will not make the draftsman redundant. "The jury is out for the time being at least" details the Council of Mortgage Lenders view of the new commonhold regime. "From commonhold to commonplace" proposes mixed-use developments as a prime candidate for commonhold ownership and considers its application to a potential scenario. "Comparing commonhold and leasehold" contrasts in tabular form the position of the freehold/reversioner and the position of the unit-holder/tenant under commonhold and leasehold.
590 ## - LOCAL NOTE (RLIN)
Local note ABS
590 ## - LOCAL NOTE (RLIN)
Local note ABS
650 ## - SUBJECT ADDED ENTRY--TOPICAL TERM
Topical term or geographic name entry element COMMONHOLD AND LEASEHOLD REFORM ACT 2002
650 ## - SUBJECT ADDED ENTRY--TOPICAL TERM
Topical term or geographic name entry element COMMONHOLD REGULATIONS 2004
650 ## - SUBJECT ADDED ENTRY--TOPICAL TERM
Topical term or geographic name entry element MIXED-USE DEVELOPMENTS
650 ## - SUBJECT ADDED ENTRY--TOPICAL TERM
Topical term or geographic name entry element FREEHOLDERS
650 ## - SUBJECT ADDED ENTRY--TOPICAL TERM
Topical term or geographic name entry element REVERSIONER
650 ## - SUBJECT ADDED ENTRY--TOPICAL TERM
Topical term or geographic name entry element TENANTS
650 ## - SUBJECT ADDED ENTRY--TOPICAL TERM
Topical term or geographic name entry element COMMONHOLD
650 ## - SUBJECT ADDED ENTRY--TOPICAL TERM
Topical term or geographic name entry element LONG LEASEHOLDS
690 ## - LOCAL SUBJECT ADDED ENTRY--TOPICAL TERM (OCLC, RLIN)
Topical term or geographic name as entry element LANDLORD AND TENANT
9 (RLIN) 6252
700 ## - ADDED ENTRY--PERSONAL NAME
Personal name Sherriff, G.
700 ## - ADDED ENTRY--PERSONAL NAME
Personal name Freedman, P.
700 ## - ADDED ENTRY--PERSONAL NAME
Personal name Hopkins, A.
700 ## - ADDED ENTRY--PERSONAL NAME
Personal name Aldridge, T.
700 ## - ADDED ENTRY--PERSONAL NAME
Personal name Chamberlain, L.
700 ## - ADDED ENTRY--PERSONAL NAME
Personal name Driscoll, J.
942 ## - ADDED ENTRY ELEMENTS (KOHA)
Suppress in OPAC 0
Holdings
Withdrawn status Lost status Source of classification or shelving scheme Damaged status Not for loan Home library Current library Shelving location Date acquired Total Checkouts Full call number Barcode Date last seen Copy number Price effective from Koha item type
    Dewey Decimal Classification     London London Journal article 01/10/2004   ABS68254 127590-1001 06/08/2019 1 06/08/2019 Journal article